| 000 | 01749cam a22003497a 4500 | ||
|---|---|---|---|
| 001 | 13899862 | ||
| 005 | 20210414114056.0 | ||
| 008 | 050315s2005 ne a 001 0 eng | ||
| 010 | _a 2005272262 | ||
| 015 |
_aGBA477400 _2bnb |
||
| 016 | 7 |
_a013023939 _2Uk |
|
| 020 | _a1555583229 (pbk. : acidfree paper) | ||
| 035 | _a(OCoLC)ocm56875856 | ||
| 040 |
_aUKM _cUKM _dVPI _dDLC |
||
| 042 | _alccopycat | ||
| 050 | 0 | 0 | _aQA76.9.D37O68 |
| 082 | 0 | 4 |
_a005.7585 _222 |
| 100 | _aHobbs, Lilian. | ||
| 245 | 0 | 0 |
_aOracle database 10g data warehousing. / _cLilian Hobbs ... [et al.]. |
| 260 |
_aAmsterdam ; _aBoston : _bElsevier Digital Press, _cc2005. |
||
| 300 |
_axxvii, 837 p. : _bill. ; _c24 cm. |
||
| 500 | _aIncludes index. | ||
| 505 | _aContents: Data warehousing -- Designing a warehouse -- Architecture of a data warehouse -- Physical design of data warehouse -- Loading data into house -- Querying the data warehouse -- Summary management -- Dimensions -- Query rewrite -- Turning query performance -- Managing the warehouse -- Backup and recovery -- Oracle warehousing tools -- Data warehousing and the web -- OLAP -- Oracle data mining -- High available and a data warehouse -- Appendix A: The Scheme for easy shopping Inc. -- B: Product information. | ||
| 630 | 0 | 0 | _aOracle (Computer file) |
| 650 | 0 | _aData warehousing. | |
| 700 | 1 |
_aHobbs, Lilian, _d1959- |
|
| 856 | 4 | 2 |
_3Publisher description _uhttp://www.loc.gov/catdir/enhancements/fy0626/2005272262-d.html |
| 856 | 4 | 1 |
_3Table of contents only _uhttp://www.loc.gov/catdir/enhancements/fy0626/2005272262-t.html |
| 906 |
_a7 _bcbc _ccopycat _d2 _encip _f20 _gy-gencatlg |
||
| 942 |
_2lcc _cBK |
||
| 999 |
_c1799 _d9299 |
||